Slovenian players in European Big Five (2000-) - Statistics

General Stats
  • This quiz has been taken 28 times
  • The average score is 11 of 58
Answer Stats
Ranking Player Positions Nationality Matches Goals (assists) Periods Clubs % Correct
3 Jan Oblak GK 369 0 (0) 2014-2025
100%
1 Samir Handanović GK 566 0 (0) 2004-2005, 2007-2023
100%
20 Benjamin Šeško MF, FW 64 27 (7) 2023-2025
92%
7 Kevin Kampl MF 267 13 (19) 2014-2025
88%
4 Josip Iličić MF, FW 339 96 (56) 2010-2022
76%
29 Branko Ilić DF 34 0 (3) 2006-2009
72%
14 Jaka Bijol DF 90 4 (2) 2022-2025
40%
12 Milivoje Novaković FW 108 44 (8) 2008-2012
40%
2 Valter Birsa MF, FW 372 39 (39) 2006-2020
40%
6 Boštjan Cesar DF 279 9 (0) 2005-2006, 2008-2019
36%
46 Džoni Novak MF 9 0 (1) 2000-2001
36%
9 Rene Krhin MF, FW 159 2 (0) 2009-2020
32%
13 Sandi Lovrić MF 102 8 (12) 2022-2025
32%
8 Mišo Brečko DF, MF 161 2 (8) 2004-2005, 2007-2011, 2014-2015
28%
5 Jasmin Kurtić MF, FW 289 29 (16) 2010-2011, 2012-2021
24%
21 Milenko Ačimovič MF 64 12 (5) 2002-2006
24%
23 Robert Koren DF, MF 57 3 (2) 2008-2009, 2013-2014
24%
37 Zlatko Zahovič MF, FW 20 3 (1) 2000-2001
24%
57 Luka Topalović MF 1 0 (0) 2024-2025
20%
18 Miha Zajc MF, FW 75 5 (5) 2016-2017, 2018-2019, 2020-2021, 2024-2025
20%
22 Petar Stojanović DF 61 1 (2) 2021-2022, 2024-2025
16%
19 Vid Belec GK 68 0 (0) 2015-2016, 2017-2018, 2021-2022
16%
10 Dominic Maroh DF 133 5 (1) 2009-2011, 2014-2018
12%
27 Zlatko Dedić FW 43 5 (1) 2005-2006, 2009-2010
12%
50 Aleksandar Rodić FW 4 0 (0) 2004-2005
8%
24 Domen Črnigoj MF 49 3 (1) 2021-2022, 2024-2025
8%
49 Haris Vučkić MF, FW 5 0 (0) 2011-2012, 2014-2015
8%
32 Tim Matavž FW 34 3 (1) 2014-2016
8%
48 Tio Cipot MF, FW 8 0 (0) 2022-2023
8%
15 Aleksander Knavs DF 89 4 (5) 2001-2005
4%
36 Aljaž Struna DF, MF 22 1 (0) 2015-2016
4%
26 Armin Bačinović MF 46 2 (0) 2010-2012
4%
11 Bojan Jokić DF, MF 131 0 (2) 2007-2016
4%
40 Dalibor Stevanović MF 15 1 (0) 2005-2007
4%
55 Jan Koprivec GK 1 0 (0) 2008-2009
4%
56 Jan Mlakar MF, FW 1 0 (0) 2016-2017
4%
44 Jon Gorenc Stanković DF, MF 11 1 (0) 2018-2019
4%
28 Klemen Lavrič FW 40 9 (0) 2005-2006, 2007-2008
4%
42 Sebastjan Cimirotič FW 14 2 (0) 2001-2002
4%
16 Siniša Anđelković DF 84 0 (2) 2010-2011, 2014-2017
4%
58 Žan Celar FW 1 0 (0) 2018-2019
4%
53 Andrej Kotnik MF 2 0 (0) 2016-2017
0%
52 Ažbe Jug GK 3 0 (0) 2013-2015
0%
38 David Zec DF 18 2 (0) 2024-2025
0%
30 Dejan Lazarević MF 34 2 (2) 2009-2010, 2013-2015
0%
54 Enej Jelenič MF, FW 2 0 (0) 2010-2011
0%
41 Jan Repas MF, FW 15 0 (0) 2017-2018
0%
25 Leo Štulac MF 49 2 (4) 2018-2019, 2021-2022
0%
31 Luka Krajnc DF 34 0 (1) 2012-2013, 2014-2015, 2018-2019
0%
51 Martin Turk GK 4 0 (0) 2022-2023
0%
35 Miha Blažič DF 24 2 (0) 2022-2023
0%
47 Milan Osterc FW 8 0 (1) 2002-2003
0%
43 Rajko Tavčar DF, MF 12 1 (0) 2001-2002
0%
17 Robert Berić FW 81 26 (2) 2015-2020
0%
45 Roman Bezjak FW 11 0 (0) 2016-2017
0%
39 Spasoje Bulajič DF 17 0 (0) 2000-2002
0%
33 Vladimir Golemić DF 30 2 (0) 2020-2021
0%
34 Žan Majer MF 27 1 (1) 2019-2020
0%
No matching quizzes found
Score Distribution
Percent of People with Each Score
Percentile by Number Answered
Your Score History
You have not taken this quiz